| 000 | 00617nam a22001577a 4500 | ||
|---|---|---|---|
| 003 | OSt | ||
| 005 | 20151103100323.0 | ||
| 008 | 151103b xxu||||| |||| 00| 0 eng d | ||
| 040 | _cRUA | ||
| 082 | _aFOR LEN 1996 B121 Or.1 | ||
| 100 |
_93241 _aLENG, CHIVIN. |
||
| 245 | _alumber price analysis of the north tonle sap lake region of cambodia (ការវិភាគតំលៃនៃថ្លៃឈើអារនៅកម្ពុជាផ្នែកភូមិភាគខាងជើងបឹងទន្លេសាប) | ||
| 260 |
_aPhnom Penh _bRUA _c1996 |
||
| 300 |
_a49p. _bill. _c29cm. |
||
| 942 |
_2ddc _cFOR |
||
| 999 |
_c3027 _d3027 |
||